000 00318nam a22001457a 4500
008 210304b ||||| |||| 00| 0 eng d
020 _a 0395716721314733
041 _aeng
080 _a541
082 _a541
100 _a12
101 _aKIM
245 _aIntroductory Chemistry
_cEbbing, D. D
942 _2udc
_cBK
999 _c55758
_d55758